Quizzes
Events
Quiz Creation
Community
Videos
Private Events
Remove Ads
Sign In
Join for FREE
Feedback
Dark Mode
Quiz Categories
Sports
Geography
Music
Movies
Television
Just For Fun
Miscellaneous
History
Literature
Language
Science
Gaming
Entertainment
Religion
Holiday
For Kids
Quiz Lab
Recent
Popular Today
Quiz Kudos Today
Editor Picks
Curator Picks
Quizzes by...
Day
Popularity
Type
Ratings
Length
Year
Community
Subscriptions
Recent Discussions
Orange Saloon
Badges
Playlists
Quests
Create
Leaderboards
Showdown
Live 5
Trivia Bingo
Activity
Puzzle Library
Sporcle Events
Private Events
Virtual Trivia
Globe League
Become a Host
Pub Owners
SporcleCon
Opinionation
Our Games
Videos
Blog
Mobile Apps
Partnerships
Remove Ads and Go Orange
Feedback
Movies
Disney
Marvel Cinematic Universe
Movie Resume
Movie Titles
Oscar
Actor
Actress
Director
Pixar
Role
Movie Quotes
Movie Characters
Box Office
Nominee
Best Picture
Star Wars
James Bond
Horror Movies
Movies
Disney
Marvel Cinematic Universe
Movie Resume
Movie Titles
Oscar
Actor
Actress
Director
Pixar
Role
Movie Quotes
Movie Characters
Box Office
Nominee
Best Picture
Star Wars
James Bond
Horror Movies
Random Quiz
Search Sporcle
×
Quiz Lab
Quiz Lab
Movies
Movie Resume
Type in answers that appear in a list
Type in answers that appear in a list
Classic
Best Score? Go Orange.
Jeff Daniels Movies Stats
Can you name the Jeff Daniels Movies?
By
jmadrox
10m
50 Questions
296 Plays
296 Plays
296 Plays
Comments
Comments
Give Quiz Kudos
Give Quiz Kudos
-
- Ratings
hide this ad
Replay
Link that replays current quiz
Next Quiz
Link to next quiz in quiz playlist
You Got
0%
They Got
Avg Score
21%
Avg Friend Score
Upgrade to see
Score Distribution
Jump to the score distribution portion of the page
Score
0/50
Timer
10:00
0
Plays Today
Year
Movie
% Correct
1994
Dumb And Dumber
93.6%
1994
Speed
62.5%
1990
Arachnophobia
54.7%
1983
Terms of Endearment
50%
1985
The Purple Rose Of Cairo
47%
1993
Gettysburg
44.6%
1996
101 Dalmatians
39.9%
1986
Something Wild
38.2%
2003
Gods And Generals
37.5%
1996
Fly Away Home
35.8%
2005
The Squid And The Whale
35.5%
1998
Pleasantville
32.4%
1999
My Favorite Martian
28.7%
1987
Radio Days
26.7%
2002
Blood Work
25%
2006
RV
25%
1991
The Butcher's Wife
20.3%
2008
Space Chimps
20.3%
1981
Ragtime
18.6%
2005
Good Night, And Good Luck
18.2%
1986
Heartburn
17.9%
2005
Because of Winn-Dixie
16.9%
2009
The Answer Man
16.6%
2002
The Hours
16.2%
2009
State Of Play
16.2%
Year
Movie
% Correct
1990
Welcome Home, Roxy Carmichael
15.5%
2007
The Lookout
15.5%
2009
Away We Go
14.5%
1997
Trial And Error
13.5%
2008
Traitor
13.5%
1989
Checking Out
12.8%
1996
2 Days In The Valley
12.2%
2009
Paper Man
11.8%
1985
Marie
11.5%
1990
Love Hurts
11.5%
1992
Timescape
11.5%
1988
Sweet Hearts Dance
10.5%
1999
All The Rage
10.1%
1992
There Goes The Neighborhood
9.8%
1988
The House On Carroll Street
9.5%
2004
Imaginary Heroes
8.8%
2006
Infamous
8.8%
2010
Howl
8.8%
2000
Chasing Sleep
7.8%
2003
I Witness
7.8%
2007
Mama's Boy
7.4%
1992
Rain Without Thunder
6.4%
2002
Super Sucker
6.1%
2001
Escanaba in da Moonlight
5.1%
2007
A Plumm Summer
4.1%
Quiz Playlist
Details
Report
Send in Message
Add To Playlist
Classic:
Type in answers that appear in a list
Quiz Source
Last Updated: Feb 16, 2017
Quiz Scoreboard
CHALLENGE
Sign Up to Join the Scoreboard
Show All
Scores
Hide
Comments
May contain spoilers
Recently Published
Presidents Visiting Landmarks
by Hejman
History
7m
An Introduction to Baseball
by treessimontrees
Sports
5m
Movies - When Are They Set?
by FPL_Elf
Movies
5m
More to Explore
Quiz From the Vault
Featured Blog Post
Where Did the Easter Bunny Come From?
hide this ad
You Might Also Like...
Tags
Movie Resume Quiz
Character
daniel
jeff
Today's Top Quizzes in Movies
Browse Movies
hide this ad
Today's Top Quizzes in Movie Resume
Browse Movie Resume
Top Contributed Quizzes in Movies
1
Pick 5 Posters: Directed by Spielberg
2
7-to-1: Pixar Characters
3
Pick 5 Posters: Lowest-Rated Spielberg
4
Pick 5 Posters: Directed by Scorsese
5
Pick 5 Posters: Star & Director
6
Sorting Actors
7
Sorting Actresses
8
12 Movies about Fictional 1960s Events
9
Multi-Oscar Nominations, One Movie, One Winner
10
Pick 5 Posters: Women Directed 2020s
Explore More
Trending Topics
Anime
Disney
Marvel
Harry Potter
NBA
Crossword
Kpop
WWE
The Office
Soccer
Country
Song
Puzzle
NFL
Pokémon
hide this ad
More By:
jmadrox
Quiz
Plays
Rating
Category
Featured
Created
Chuck Lorre TV Shows
12,383
3.98
Television
Dec 13, 2011
Bill Paxton Movies
9,020
4.53
Movies
Jul 3, 2010
Goldie Hawn Movies
1,018
4.20
Movies
May 20, 2010
X-Men Members
1,010
4.50
Literature
Sep 18, 2010
Blondie Songs
922
5.00
Music
Jan 16, 2012
Go to Creator's Profile
Score Distribution
Quiz Creator Spotlight
jmadrox
Follow
Send a Message
Quizzes Created
-
Created Quiz Play Count
-
More By This Creator
Popular Quizzes Today
1
Find the US States - No Outlines Minefield
2
Find the Countries of Europe - No Outlines Minefield
3
The Countries of the World
4
Find the US States
5
Popular People in 1961
6
US States
7
Risky Map Clicking: Biggest States A-Z
8
1-10 Letter E Words III
More Movies Quizzes
Which Middle Earth Location?
Editor's Pick
Trending Quizzes
Risky Map Clicking: Least Populous States A-Z
1-10 Letter G Words
1-10 Letter F Words
Risky Map Clicking: Next State Alphabetically
Risky Map Clicking: Biggest States A-Z
Recently Updated
Leaping Animals
pecheneg
Reality TV Shows (A-Z)
bhenderson79
Rickey Henderson's Hall of Fame Teammates
pecheneg
Champions League XIs: Arsenal
pecheneg
Quick Pick: Celebrities in WWE's Hall of Fame
aduchscher
A-Z Keypad Blitz II
pecheneg
Multiple Oscar Actors
pecheneg
Mystery Phrase Blitz: Oscar 'Best Actors'
pecheneg
F. Scott Fitzgerald Novels
LTH
Pick 3 Villains
ddd62291
Trending Topics
NBA
Kpop
Harry Potter
Marvel
Disney
Crossword
Anime
NFL
Country
Puzzle
Soccer
The Office
Song
WWE
Pokémon
Your Account Isn't Verified!
In order to create a playlist on Sporcle, you need to verify the email address you used during registration. Go to your
Sporcle Settings
to finish the process.
Report this User
Report this user for behavior that violates our
Community Guidelines
.
Details:
Send Report
Go to the Sporcle.com Mobile Site →
Comments